<?xml version="1.0" encoding="UTF-8"?>
<record
    xmlns:xsi="http://www.w3.org/2001/XMLSchema-instance"
    xsi:schemaLocation="http://www.loc.gov/MARC21/slim http://www.loc.gov/standards/marcxml/schema/MARC21slim.xsd"
    xmlns="http://www.loc.gov/MARC21/slim">

  <leader>01383nam a2200277 u 4500</leader>
  <controlfield tag="005">20240524070845.0</controlfield>
  <controlfield tag="008">210106s2020    vm                  vie d</controlfield>
  <datafield tag="020" ind1=" " ind2=" ">
    <subfield code="a">9786045848012</subfield>
    <subfield code="c">:98.000 VN&#x110;</subfield>
  </datafield>
  <datafield tag="040" ind1=" " ind2=" ">
    <subfield code="a">DLC</subfield>
    <subfield code="b">vie</subfield>
    <subfield code="e">AACR2</subfield>
  </datafield>
  <datafield tag="041" ind1="1" ind2=" ">
    <subfield code="a">vie</subfield>
    <subfield code="h">eng</subfield>
  </datafield>
  <datafield tag="044" ind1=" " ind2=" ">
    <subfield code="a">vm</subfield>
  </datafield>
  <datafield tag="082" ind1="7" ind2="4">
    <subfield code="a">177.7</subfield>
    <subfield code="b">T550T</subfield>
  </datafield>
  <datafield tag="100" ind1="1" ind2=" ">
    <subfield code="a">Russell, Bernadette</subfield>
  </datafield>
  <datafield tag="245" ind1=" " ind2=" ">
    <subfield code="a">T&#x1EED; t&#x1EBF; &#x111;&#xE1;ng gi&#xE1; bao nhi&#xEA;u?</subfield>
    <subfield code="b">: The little book of kindness : everyday actions to change your life and the world around you</subfield>
    <subfield code="c">/Bernadette Russell ; Thanh Th&#x1EA3;o d&#x1ECB;ch.</subfield>
  </datafield>
  <datafield tag="246" ind1="1" ind2="1">
    <subfield code="a">The little book of kindness</subfield>
    <subfield code="b">: everyday actions to change your life and the world around you </subfield>
  </datafield>
  <datafield tag="250" ind1=" " ind2=" ">
    <subfield code="a"> T&#xE1;i b&#x1EA3;n l&#x1EA7;n 1.</subfield>
  </datafield>
  <datafield tag="260" ind1=" " ind2=" ">
    <subfield code="a"> TP. H&#x1ED3; Ch&#xED; Minh</subfield>
    <subfield code="b">: T&#x1ED5;ng h&#x1EE3;p TP. H&#x1ED3; Ch&#xED; Minh</subfield>
    <subfield code="c">, 2020</subfield>
  </datafield>
  <datafield tag="300" ind1=" " ind2=" ">
    <subfield code="a">158 tr.</subfield>
    <subfield code="c">; 17 cm</subfield>
  </datafield>
  <datafield tag="520" ind1=" " ind2="3">
    <subfield code="a">Nh&#x1EEF;ng &#xFD; t&#x1B0;&#x1EDF;ng gi&#xFA;p b&#x1EA1;n th&#x1EF1;c h&#xE0;nh s&#x1EF1; t&#x1EED; t&#x1EBF; trong cu&#x1ED9;c s&#x1ED1;ng h&#x1EB1;ng ng&#xE0;y v&#xE0; duy tr&#xEC; s&#x1EF1; t&#x1EED; t&#x1EBF; c&#x1EE7;a b&#x1EA1;n su&#x1ED1;t c&#x1EA3; n&#x103;m: T&#x1EED; t&#x1EBF; v&#x1EDB;i b&#x1EA3;n th&#xE2;n, nh&#x1EEF;ng ng&#x1B0;&#x1EDD;i b&#x1EA1;n y&#xEA;u th&#x1B0;&#x1A1;ng, ng&#x1B0;&#x1EDD;i l&#x1EA1;, nh&#x1EEF;ng ng&#x1B0;&#x1EDD;i b&#x1EA5;t &#x111;&#x1ED3;ng &#xFD; ki&#x1EBF;n v&#x1EDB;i b&#x1EA1;n, ng&#x1B0;&#x1EDD;i l&#x1EDB;n tu&#x1ED5;i, v&#x1EDB;i m&#xF4;i tr&#x1B0;&#x1EDD;ng, v&#x1EDB;i c&#x1ED9;ng &#x111;&#x1ED3;ng n&#x1A1;i b&#x1EA1;n &#x111;ang s&#x1ED1;ng, t&#x1EED; t&#x1EBF; tr&#xEA;n m&#x1EA1;ng x&#xE3; h&#x1ED9;i, t&#x1EED; t&#x1EBF; trong c&#xF4;ng vi&#x1EC7;c.  </subfield>
  </datafield>
  <datafield tag="653" ind1=" " ind2="0">
    <subfield code="a">Kindness</subfield>
  </datafield>
  <datafield tag="653" ind1=" " ind2="4">
    <subfield code="a">H&#x1EA1;nh ph&#xFA;c</subfield>
  </datafield>
  <datafield tag="653" ind1=" " ind2="4">
    <subfield code="a">L&#xF2;ng t&#x1ED1;t</subfield>
  </datafield>
  <datafield tag="653" ind1=" " ind2="0">
    <subfield code="a">Happiness</subfield>
  </datafield>
  <datafield tag="700" ind1="0" ind2=" ">
    <subfield code="a">Thanh Th&#x1EA3;o</subfield>
  </datafield>
  <datafield tag="942" ind1=" " ind2=" ">
    <subfield code="2">ddc</subfield>
    <subfield code="c">BK</subfield>
  </datafield>
  <datafield tag="952" ind1=" " ind2=" ">
    <subfield code="0">0</subfield>
    <subfield code="1">0</subfield>
    <subfield code="2">ddc</subfield>
    <subfield code="4">0</subfield>
    <subfield code="7">0</subfield>
    <subfield code="a">CPL</subfield>
    <subfield code="b">CPL</subfield>
    <subfield code="d">2024-05-09</subfield>
    <subfield code="l">0</subfield>
    <subfield code="o">177.7 T550T</subfield>
    <subfield code="p">DL00000004</subfield>
    <subfield code="r">2024-05-09 03:46:28</subfield>
    <subfield code="t">1</subfield>
    <subfield code="w">2024-05-09</subfield>
    <subfield code="y">BK</subfield>
  </datafield>
  <datafield tag="999" ind1=" " ind2=" ">
    <subfield code="c">5</subfield>
    <subfield code="d">5</subfield>
  </datafield>
</record>
